000 00636nam a22001817a 4500
999 _c57679
_d57679
005 20200907115403.0
008 200907s2009 enk||||| |||| 00| 0 eng d
020 _a9781906348199
041 _aeng
080 _a339:368 T-44
245 _aThe Solvency II Handbook :
_bDeveloping ERM Frameworks in insurance and Reinsurance Companies /
_cEdited by Marcelo Cruz.
264 _aTorquay:
_bRiskbook,
_c2009.
300 _a614 p.
_b24 cm.
653 _aდაზღვევა
653 _aსადაზღვევო კომპანიები
700 _a Cruz, Marcelo
_eრედაქტორი
_99413
942 _2udc
_cBK